| 000 | 01560nam a2200313 a 4500 | ||
|---|---|---|---|
| 001 | BRCA_5129 | ||
| 005 | 20190320204942.0 | ||
| 008 | 191110s1844----mx-######v---#000-0#spa-# | ||
| 041 | _aspa | ||
| 044 | _amx | ||
| 084 |
_aDOC102C _b.V35 _c1844 |
||
| 100 | 1 |
_aValdivielso, Ignacio _d1805-1861 _913093 |
|
| 245 | 1 | 0 |
_aDocumento firmado por Ignacio Valdivielso _cIgnacio Valdivielso, Eduardo Goroztiza. |
| 260 |
_aMéxico _c1844 |
||
| 300 |
_a[4] fojas _c27 x 21 cm |
||
| 500 | _aDocumento firmado el 26 de julio de 1844 | ||
| 500 | _aIgnacio Valdivielso escribe a Eduardo Goroztiza encargándole de los Negocios Interiores de Méjico. Comunica haberle acreditado su nombramiento ante las autoridades españolas y le da instrucciones de cómo mantener las relaciones comerciales especialmente las de comercio a menudeo, así como las cuestiones en Texas | ||
| 500 | _aEl documento contiene la leyenda DOC. #266 | ||
| 500 | _aPapel con marca de agua | ||
| 500 | _aAl margen: LEGACIÓN MEJICANA CERCA DE S. M. CATÓLICA | ||
| 500 | _aEstado de conservación: Contiene manchas de acidificación | ||
| 506 | 0 | _aFondo reservado: para su consulta es necesario credencial de usuario y carta de motivos | |
| 546 | _aTexto en: español de mediados del siglo XIX | ||
| 600 | 1 | 4 |
_aValdivielso, Ignacio _d1805-1861 _913093 |
| 650 | 1 | 4 |
_aRelaciones internacionales _vManuscrito _xHistoria _yFederalismo y centralismo, 1824-1853 _zMéxico _913094 |
| 700 | 1 |
_aGoroztiza y Cepeda, Manuel María del Pilar Eduardo _d1789-1851 _913095 |
|
| 902 | _aFDH | ||
| 942 |
_2lcc _cD |
||
| 999 |
_c4823 _d4823 |
||